000 00315nam a22001337a 4500
020 _a0-354-00571-5
082 _a355-CSE JAN'F
100 _aFOSS, CHRISTOPHER F
_960889
245 _aJANES COMBAT SUPPORT EQUIPMENT 1978-79
250 _a1ST
260 _aLONDON
_bMACDONALD
_c1978
300 _a547P
942 _cBK
999 _c581671
_d581671